Durability of pre-cast concrete in buildings. (Record no. 100530)

MARC details
000 -LEADER
fixed length control field 00717cam a2200265 4500
008 - FIXED-LENGTH DATA ELEMENTS--GENERAL INFORMATION
fixed length control field 000000n2000 000 0 eng u
020 ## - INTERNATIONAL STANDARD BOOK NUMBER
International Standard Book Number 1860813682
035 ## - SYSTEM CONTROL NUMBER
System control number (Sirsi) u106153
050 ## - LIBRARY OF CONGRESS CALL NUMBER
Classification number 693.522
100 ## - MAIN ENTRY--PERSONAL NAME
Personal name Dunster, A.
110 ## - MAIN ENTRY--CORPORATE NAME
Corporate name or jurisdiction name as entry element Building Research Establishment
245 ## - TITLE STATEMENT
Title Durability of pre-cast concrete in buildings.
260 ## - PUBLICATION, DISTRIBUTION, ETC.
Place of publication, distribution, etc. London
Name of publisher, distributor, etc. CRC
Date of publication, distribution, etc. 2000
300 ## - PHYSICAL DESCRIPTION
Extent 8p. ; 30 cm.
490 ## - SERIES STATEMENT
Series statement Information Paper
Volume/sequential designation 8/00
650 ## - SUBJECT ADDED ENTRY--TOPICAL TERM
Topical term or geographic name entry element HIGH ALUMINA CEMENT
650 ## - SUBJECT ADDED ENTRY--TOPICAL TERM
Topical term or geographic name entry element PRECAST CONCRETE
650 ## - SUBJECT ADDED ENTRY--TOPICAL TERM
Topical term or geographic name entry element CAC
650 ## - SUBJECT ADDED ENTRY--TOPICAL TERM
Topical term or geographic name entry element CALCIUM ALUMINATE CEMENT
690 ## - LOCAL SUBJECT ADDED ENTRY--TOPICAL TERM (OCLC, RLIN)
Topical term or geographic name as entry element BUILT ENVIRONMENT-BUILDING MATERIALS
700 ## - ADDED ENTRY--PERSONAL NAME
Personal name Bigland, D.
700 ## - ADDED ENTRY--PERSONAL NAME
Personal name Reeves, B.
700 ## - ADDED ENTRY--PERSONAL NAME
Personal name Holton, I.
942 ## - ADDED ENTRY ELEMENTS (KOHA)
Suppress in OPAC 0
Holdings
Withdrawn status Lost status Source of classification or shelving scheme Damaged status Not for loan Home library Current library Shelving location Date acquired Total Checkouts Full call number Barcode Date last seen Date last checked out Copy number Price effective from Koha item type
    Dewey Decimal Classification     London London Boxed set 31/05/2000 1 SHELF 323 30061403 06/08/2019 11/07/2001 1 06/08/2019 Book